An inquiry into the original of our ideas of beaury and virtue in two treatises (Record no. 155805)

MARC details
000 -LEADER
campo de control de longitud fija 00926nam a2200229 i 4500
001 - NÚMERO DE CONTROL
campo de control 155805
003 - IDENTIFICADOR DE NÚMERO DE CONTROL
campo de control ES-MaACL
005 - FECHA Y HORA DE LA ÚLTIMA TRANSACCIÓN
campo de control 20250816062549.0
008 - DATOS DE LONGITUD FIJA--INFORMACIÓN GENERAL
campo de control de longitud fija 040802s1738 xxk |||| | eng d
040 ## - FUENTE DE CATALOGACIÓN
Centro catalogador/agencia de origen CAM
Lengua de catalogación spa
Centro/agencia transcriptor CAM
100 1# - ENTRADA PRINCIPAL--NOMBRE DE PERSONA
Nombre de persona Hutcheson, Francis (
Fechas asociadas al nombre 1694-1746)
9 (RLIN) 128104
245 13 - MENCIÓN DEL TÍTULO
Título An inquiry into the original of our ideas of beaury and virtue in two treatises
Resto del título : I. Concerning beauty, order, harmony, design, II. Concerning moral good and evil.
250 ## - MENCION DE EDICION
Mención de edición The fourth edition corrected.
260 ## - PUBLICACIÓN, DISTRIBUCIÓN, ETC.
Lugar de publicación, distribución, etc. London :
Nombre del editor, distribuidor, etc. printed for D. Midwinter, A. Bettesworth and C. Hitch [etc],
Fecha de publicación, distribución, etc. 1738.
300 ## - DESCRIPCIÓN FÍSICA
Extensión XXI, [1] en bl., [2], 304, [8] p. ;
Dimensiones 8º.
594 ## - Nota al título y mención de responsabilidad
Nota al título y mención de responsabilidad Dedicatoria firmada por Francis Hutcheson.
597 ## - NOTA DE DESCRIPCIÓN FÍSICA
NOTA DE DESCRIPCIÓN FÍSICA Sign.: A4, a8, B-U8, X4.
650 #7 - PUNTO DE ACCESO ADICIONAL DE MATERIA--TÉRMINO DE MATERIA
Término de materia o nombre geográfico como elemento de entrada Ética
Fuente del encabezamiento o término embne
9 (RLIN) 12577
650 #7 - PUNTO DE ACCESO ADICIONAL DE MATERIA--TÉRMINO DE MATERIA
Término de materia o nombre geográfico como elemento de entrada Estética
Fuente del encabezamiento o término embne
9 (RLIN) 142387
852 ## - LOCALIZACIÓN
Ubicación ES-MaACL
Número de control de estantería R-3095
Encuadernación Olim:F-1540
Nota libre -- Enc. piel
Holdings
Estatus retirado Estado de pérdida Estado de daño No para préstamo Colección Biblioteca de origen Biblioteca actual Ubicación en estantería Fecha de adquisición Total de préstamos Signatura topográfica completa Código de barras Visto por última vez Precio de reemplazo Tipo de ítem Koha
        Libros del s. XVIII Biblioteca del Ateneo de Madrid Biblioteca del Ateneo de Madrid Depósito 17/01/2008   R-3095 1162981 23/02/2023 23/02/2023 Libro impreso antiguo